<?xml version="1.0" encoding="UTF-8"?>
<collection xmlns:xsi="http://www.w3.org/2001/XMLSchema-instance" xsi:schemaLocation="http://www.loc.gov/MARC21/slim http://www.loc.gov/standards/marcxml/schema/MARC21slim.xsd" xmlns="http://www.loc.gov/MARC21/slim">
 <record>
  <leader>00000cam a22000004i 4500</leader>
  <controlfield tag="001">UP-99796217611629887</controlfield>
  <controlfield tag="003">Buklod</controlfield>
  <controlfield tag="005">20150609152014.0</controlfield>
  <controlfield tag="006">a     r    |||| u|</controlfield>
  <controlfield tag="007">ta</controlfield>
  <controlfield tag="008">150609s2014    xx     d     r    |||| u|</controlfield>
  <datafield tag="020" ind1=" " ind2=" ">
   <subfield code="a">9781450434331 (hard cover)</subfield>
  </datafield>
  <datafield tag="020" ind1=" " ind2=" ">
   <subfield code="a">1450434339 (hard cover)</subfield>
  </datafield>
  <datafield tag="035" ind1=" " ind2=" ">
   <subfield code="a">(iLib)UPD-00246505760</subfield>
  </datafield>
  <datafield tag="040" ind1=" " ind2=" ">
   <subfield code="a">DLC</subfield>
   <subfield code="d">DCHK</subfield>
   <subfield code="e">rda</subfield>
  </datafield>
  <datafield tag="041" ind1=" " ind2=" ">
   <subfield code="a">eng</subfield>
  </datafield>
  <datafield tag="090" ind1=" " ind2=" ">
   <subfield code="a">RM 725</subfield>
   <subfield code="b">P48 2014</subfield>
  </datafield>
  <datafield tag="245" ind1="0" ind2="0">
   <subfield code="a">Physical activity and mental health</subfield>
   <subfield code="c">Angela Clow, Sarah Edmunds, editors.</subfield>
  </datafield>
  <datafield tag="264" ind1=" " ind2="1">
   <subfield code="a">Champaign, IL</subfield>
   <subfield code="b">Human Kinetics</subfield>
   <subfield code="c">[2014]</subfield>
  </datafield>
  <datafield tag="300" ind1=" " ind2=" ">
   <subfield code="a">x, 301 pages</subfield>
   <subfield code="b">illustrations</subfield>
   <subfield code="c">29 cm</subfield>
  </datafield>
  <datafield tag="504" ind1=" " ind2=" ">
   <subfield code="a">Includes bibliographical references and index.</subfield>
  </datafield>
  <datafield tag="505" ind1="0" ind2=" ">
   <subfield code="t">Relationship between physical activity and mental health --</subfield>
   <subfield code="t">Physical activity guidelines and national population-based actions --</subfield>
   <subfield code="t">Challenges in measuring physical activity in the context of mental health --</subfield>
   <subfield code="t">Social class relationships in physical activity and mental health --</subfield>
   <subfield code="t">physical activity and self-esteem --</subfield>
   <subfield code="t">Effects of overtraining on well-being and mental health --</subfield>
   <subfield code="t">Physical functioning and mental health in older adults --</subfield>
   <subfield code="t">Impact of physical activity on mental health in long-term conditions --</subfield>
   <subfield code="t">Depression and anxiety --</subfield>
   <subfield code="t">Dementia and Alzheimer's Disease --</subfield>
   <subfield code="t">Schizophrenia --</subfield>
   <subfield code="t">Addictive behaviour --</subfield>
   <subfield code="t">Exercise dependence, eating disorders and body dysmorphia</subfield>
  </datafield>
  <datafield tag="650" ind1=" " ind2="0">
   <subfield code="a">Exercise</subfield>
   <subfield code="x">Psychological aspects.</subfield>
  </datafield>
  <datafield tag="650" ind1=" " ind2="0">
   <subfield code="a">Mental health.</subfield>
  </datafield>
  <datafield tag="650" ind1=" " ind2="0">
   <subfield code="a">Exercise.</subfield>
  </datafield>
  <datafield tag="658" ind1=" " ind2=" ">
   <subfield code="a">Psychology in Sports</subfield>
   <subfield code="c">SS 161.</subfield>
  </datafield>
  <datafield tag="658" ind1=" " ind2=" ">
   <subfield code="a">Sports Psychology</subfield>
   <subfield code="c">HMS 214.</subfield>
  </datafield>
  <datafield tag="700" ind1="1" ind2=" ">
   <subfield code="a">Clow, Angela.</subfield>
  </datafield>
  <datafield tag="700" ind1="1" ind2=" ">
   <subfield code="a">Edmunds, Sarah</subfield>
   <subfield code="d">1975-.</subfield>
  </datafield>
  <datafield tag="905" ind1=" " ind2=" ">
   <subfield code="a">FO</subfield>
  </datafield>
  <datafield tag="852" ind1="0" ind2=" ">
   <subfield code="a">UPD</subfield>
   <subfield code="b">DCHK</subfield>
   <subfield code="h">RM 725 P48 2014</subfield>
  </datafield>
  <datafield tag="942" ind1=" " ind2=" ">
   <subfield code="a">Book</subfield>
  </datafield>
 </record>
</collection>
